| 000 | 00644nam a2200181Ia 4500 | ||
|---|---|---|---|
| 008 | 100920s9999 xx 000 0 und d | ||
| 082 |
_b104749 _a--- न 09 |
||
| 100 | _aअडिगा अरविंद/सोहोनी लीना. | ||
| 245 | _aद व्हाईट टायगर. | ||
| 260 |
_bमेहता पब्लिशिंग हाऊस. पुणे. _c2009 |
||
| 300 |
_a280 _bसाधी |
||
| 365 | _b200 | ||
| 520 | _aकादंबरी. | ||
| 630 | _aद व्हाईट टायगर. | ||
| 650 | _aकादंबरी. | ||
| 730 | _aद व्हाईट टायगर. | ||
| 942 | _cBOOK | ||
| 999 |
_c745181 _d745178 |
||